000 01981nam0a2200385 4500
001 RU\NLR\bibl\1369150
005 20250615190144.0
010 _a978-5-94663-839-5
_95000
021 _aRU
_b2009-22466
_91330
035 _a(nilc)RSL-KNO-004268471
035 _a(NLR Aleph) 001361289
090 _a982885
_c982885
100 _a20090318d2009 |||y0rusy50 ca
101 0 _arus
102 _aRU
105 _ay |||||||||
200 1 _aМанас и его наследники
_eкиргизская литература с древнейших времен до начала XX века
_f[сост.: Е. Колесников]
210 _aМосква
_cКультура Евразии
_d2009
215 _a781, [2] с.
_d24
225 1 _aКлассика литератур СНГ
327 1 _aСодерж.: Манас; Киргизский малый эпос; Киргизские народные сказки и легенды; Киргизские народные песни
605 _a"Манас"
_lкиргизский героический эпос
_91395721
_3RU\NLR\auth\66274120
606 1 _aКиргизский фольклор
_9935295
_3RU\NLR\auth\6626551
610 0 _aФилологические науки. Художественная литература -- Фольклор. Фольклористика -- Фольклор Средней Азии и Казахстана -- Киргизский фольклор -- Произведения фольклора и их исследования -- Эпические жанры -- Тексты
610 0 _aкиргизский фольклор
686 _aШ3(257=Ки)-610
_2rubbk
686 _aШ3(257=Ки)-611.0
686 _aШ3(257=Ки)-6я43
702 1 _aКолесников
_bЕ.
_4220
801 0 _aRU
_bРКП
_c20090318
_grcr
801 1 _aRU
_bРГБ
_c20090318
801 2 _aRU
_bNLR
_c20090515
_grcr
942 _cBOOK
980 _aNB